000 005270000a22001690004500
041 0 _aSPA
082 0 4 _aG 264 G7951r
100 1 _aGreen, Guillermo
245 1 0 _aRenovando pacto con Dios : Celebrando la gracia de Dios en el servicio de adoración : Un ensayo sobre la liturgia cristiana / Guillermo Green
260 _aSan José, Costa Rica : CLIR
300 _a60 Pág.
001 14205
942 _cBK
999 _c43104
_d43104
336 _atexto
_btxt
_2rdacontent
337 _2rdamedia
_asin mediación
_bn
338 _2rdacarrier
_avolumen
_bnc